000 00225nam a2200097Ia 4500
008 230915s9999 xx 000 0 und d
050 _aKF9619 .S26 2012
100 _aSAMAHA JOEL
245 0 _aCRIMINAL PROCEDURE
942 _cBK
999 _c165311
_d165311